LEADER 00966nam a2200229 i 4500 001 000000064015 003 CaOOAMICUS 005 20130327000000.0 008 130327s1966 xx u000 u fre u 013 $a35187 040 $aSeMil$bita 100 1 $aCrespy, Georges.$0(OLS)http://semarc/name/13524 245 12$aL'Église, servante des hommes :$bcroire, penser, espérer /$cGeorges Crespy. 260 $aGenève :$bLabor et Fides,$ccopyr. 1966. 300 $a162 p. ;$c19 cm. 490 0 $aEthique : croire, penser, espérer 650 4$aTeologia - Saggi.$0(OLS)http://semarc/subject/231 830 0$aEthique : croire, penser, espérer.$0(OLS)http://semarc/title/38353 850 $aSeMil 852 $aSeMil$W1$xVenegono$y1$m2M I 89$j30168$B30168$CSeMilBibl$Z2$F30171 $81 996 $6245$aL'Église, servante des hommes :$bcroire, penser, espérer$9(OLS)http://semarc/title/101219 996 $6260$aGenève :$bLabor et Fides$9(OLS)http://semarc/publisher/31164 LEADER 01281nam a2200277 i 4500 001 000000091720 003 CaOOAMICUS 005 20230331124007.0 008 151223s1766 it u000 u ita u 013 $a63962 026 $aiei- o.o- loto Decu (3) 1766 (R) 040 $aSeMil$bita 100 1 $aMarinucci, Alessandro.$0(OLS)http://semarc/name/40940 245 10$aDella vita, culto, e miracoli di s. Girio confessore specialissimo protettore di Monte Santo nel Piceno. 260 $aMonza :$bLuca Corbetta,$c1766. 300 $axvi, 87, [1] p., [1] carta di tav. :$britr. ;$c4º. 500 $aIl nome dell'A. si ricava a c. *3r. 500 $aRitratto calcog. del santo 500 $aSegn.: *8, A-E8 F4 600 04$aGirio .$0(OLS)http://semarc/subject/16697 700 1 $aSalvioni, Gioacchino & Salvioni, Giovanni Giuseppe,$c.$0(OLS)http://semarc/name/40941 850 $aSeMil 852 $aSeMil$W1$xVenegono$y1$m3H III 97 FA$j54669$B54669$CSeMilBibl$Z2$F59321 $8I 996 $6245$aDella vita, culto, e miracoli di s. Girio confessore specialissimo protettore di Monte Santo nel Piceno$9(OLS)http://semarc/title/137874 996 $6260$aMonza :$bLuca Corbetta$9(OLS)http://semarc/publisher/37447